[Event "AUT-ch Vor1 Internet"]
[Site "Playchess.com INT"]
[Date "2020.04.11"]
[Round "6"]
[White "Pernerstorfer, Markus"]
[Black "Putz, Georg"]
[Result "1/2-1/2"]
[WhiteElo "1582"]
[BlackElo "2071"]
[PlyCount "129"]
[EventDate "2020.04.11"]
[EventType "swiss (blitz)"]
[EventRounds "9"]
[EventCountry "AUT"]
[SourceTitle "CBM 195 Extra"]
[Source "ChessBase"]
[SourceDate "2020.05.31"]
[SourceVersion "1"]
[SourceVersionDate "2020.05.31"]
[SourceQuality "1"]

1. e4 c5 2. Nf3 d6 3. d4 cxd4 4. Nxd4 Nf6 5. Nc3 g6 6. Be3 Bg7 7. f3 0-0 8. Qd2 Nc6 9. Bc4 Nxd4 10. Bxd4 Be6 11. Nd5 Nxd5 12. Bxg7 Kxg7 13. exd5 Bd7 14. Qd4+ f6 15. 0-0-0 b5 16. Bd3 Qb6 17. Qe4 Rf7 18. g4 f5 19. Qe2 fxg4 20. fxg4 Qf2 21. Rdf1 Qxe2 22. Rxf7+ Kxf7 23. Bxe2 Rc8 24. Rf1+ Kg7 25. Kd2 Rc5 26. Bf3 b4 27. Re1 Kf8 28. c3 bxc3+ 29. bxc3 Rc4 30. h3 Rf4 31. Be2 Ke8 32. Rb1 Ra4 33. Rb8+ Kf7 34. Rb2 e6 35. Bd1 Ra5 36. dxe6+ Bxe6 37. Rb7+ Kf6 38. Bb3 Bxb3 39. axb3 Ra2+ 40. Kd3 h5 41. gxh5 gxh5 42. Rd7 Ra6 43. Rh7 Kg6 44. Rh8 Rb6 45. b4 Kg5 46. Re8 Kh4 47. Re3 Rc6 48. Kd4 Ra6 49. b5 Ra4+ 50. c4 a6 51. bxa6 Rxa6 52. Kd5 Ra4 53. Rb3 Ra6 54. Rd3 Ra4 55. Re3 Rb4 56. Ra3 Rb6 57. Ra4 Kxh3 58. Ra8 h4 59. Rd8 Kh2 60. Rxd6 Rxd6+ 61. Kxd6 h3 62. c5 Kg2 63. c6 h2 64. c7 h1Q 65. c8Q 1/2-1/2

[Event "AUT-ch Vor1 Internet"]
[Site "Playchess.com INT"]
[Date "2020.04.11"]
[Round "2"]
[White "Pernerstorfer, Markus"]
[Black "Staudacher, Karl Heinz"]
[Result "1-0"]
[WhiteElo "1582"]
[BlackElo "1734"]
[PlyCount "73"]
[EventDate "2020.04.11"]
[EventType "swiss (blitz)"]
[EventRounds "9"]
[EventCountry "AUT"]
[SourceTitle "CBM 195 Extra"]
[Source "ChessBase"]
[SourceDate "2020.05.31"]
[SourceVersion "1"]
[SourceVersionDate "2020.05.31"]
[SourceQuality "1"]

1. e4 c5 2. Nf3 e6 3. d4 cxd4 4. Nxd4 Nc6 5. Nc3 Qc7 6. a3 a6 7. Be2 Nf6 8. 0-0 b5 9. Kh1 Bd6 10. f4 Nxd4 11. Qxd4 Bc5 12. Qd3 Bb7 13. Qg3 0-0 14. Bd3 g6 15. Bd2 Nh5 16. Qh4 Rac8 17. Rae1 d6 18. f5 Ng7 19. Bh6 Qd8 20. f6 Nh5 21. Be2 Nxf6 22. Rxf6 Bd4 23. Rf4 e5 24. Qxd8 Rcxd8 25. Rf6 Rc8 26. Bxf8 Rxf8 27. Bd3 Rc8 28. Ref1 Bxc3 29. bxc3 Rxc3 30. Rxf7 Rxa3 31. Rxb7 Rc3 32. Rff7 Rc8 33. Rg7+ Kf8 34. Rxh7 Kg8 35. Rbg7+ Kf8 36. Rxg6 Ke8 37. Rg8# 1-0